00545cam a22001454a 4500020002800000040000800028082002600036245006500062260006300127300003500190650002200225700002000247856006600267856006600333 a0792356314 (alk. paper) cDLC00a635 AUT 2017 A006 Or.00aIntegrated pest and disease management in greenhouse crops / aDordrecht ;aBoston :bKluwer Academic Publishers,cc1999. axxii, 545 p. :bill. ;c25 cm. 0aGreenhouse plants1 aAlbajes, Ramon.42uhttp://www.loc.gov/catdir/enhancements/fy0822/99018112-d.html41uhttp://www.loc.gov/catdir/enhancements/fy0822/99018112-t.html